Osvobození příjmů z prodeje nemovitých věcí od daně z příjmů počínaje rokem 2014
Možnosti oslobodenia od dane z príjmu pri predaji nehnuteľných vecí - príjem z predaja bytovej jednotky alebo rodinného domu, príjmy zo zmeny bytu, budúci predaj bytu alebo RD a príjmy z predaja bytu alebo RD plynúce manželom.
Saved in:
| Main Author: | |
|---|---|
| Format: | Book Chapter |
| Language: | Czech |
| Subjects: | |
| Tags: |
No Tags, Be the first to tag this record!
|
MARC
| LEADER | 00000naa a2200000 4500 | ||
|---|---|---|---|
| 001 | 0192829 | ||
| 005 | 20230925092424.3 | ||
| 041 | 0 | |a cze | |
| 044 | |a CZ | ||
| 245 | 1 | 0 | |a Osvobození příjmů z prodeje nemovitých věcí od daně z příjmů počínaje rokem 2014 |c Eva Sedláková |
| 520 | |a Možnosti oslobodenia od dane z príjmu pri predaji nehnuteľných vecí - príjem z predaja bytovej jednotky alebo rodinného domu, príjmy zo zmeny bytu, budúci predaj bytu alebo RD a príjmy z predaja bytu alebo RD plynúce manželom. | ||
| 610 | 2 | 0 | |a príjmy |
| 610 | 2 | 0 | |a predaj |
| 610 | 2 | 0 | |a právo daňové |
| 610 | 2 | 0 | |a oslobodenie od daní |
| 610 | 2 | 0 | |a majetok fixný |
| 610 | 2 | 0 | |a Česko |
| 100 | 1 | |a Sedláková, Eva | |